[Rezension von: Mears, Daniel P., 1966-, American criminal justice policy]

Guardado en:  
Detalles Bibliográficos
Autor principal: Ruback, Richard Barry 1950- (Autor)
Otros Autores: Mears, Daniel P. 1966- (Antecedente bibliográfico)
Tipo de documento: Electrónico Revisar
Lenguaje:Inglés
Publicado: 2010
En: Criminal justice and behavior
Año: 2010, Volumen: 37, Número: 11, Páginas: 1301-1303
Acceso en línea: Volltext (lizenzpflichtig)
Verificar disponibilidad: HBZ Gateway
Palabras clave:

MARC

LEADER 00000caa a22000002c 4500
001 1887909257
003 DE-627
005 20240514114144.0
007 cr uuu---uuuuu
008 240506s2010 xx |||||oo 00| ||eng c
024 7 |a 10.1177/0093854810381985  |2 doi 
035 |a (DE-627)1887909257 
035 |a (DE-599)KXP1887909257 
040 |a DE-627  |b ger  |c DE-627  |e rda 
041 |a eng 
084 |a 2,1  |2 ssgn 
100 1 |a Ruback, Richard Barry  |d 1950-  |e VerfasserIn  |0 (DE-588)172569729  |0 (DE-627)697505189  |0 (DE-576)133429482  |4 aut 
109 |a Ruback, Richard Barry 1950-  |a Ruback, Richard B. 1950-  |a Ruback, R. Barry 1950- 
245 1 0 |a [Rezension von: Mears, Daniel P., 1966-, American criminal justice policy]  |c R. Barry Ruback 
264 1 |c 2010 
336 |a Text  |b txt  |2 rdacontent 
337 |a Computermedien  |b c  |2 rdamedia 
338 |a Online-Ressource  |b cr  |2 rdacarrier 
655 7 |a Rezension  |0 (DE-588)4049712-4  |0 (DE-627)106186019  |0 (DE-576)209083166  |2 gnd-content 
700 1 |a Mears, Daniel P.  |d 1966-  |e VerfasserIn des Bezugswerks  |0 (DE-588)14183675X  |0 (DE-627)704074796  |0 (DE-576)182331253  |4 ant 
773 0 8 |i Enthalten in  |t Criminal justice and behavior  |d Thousand Oaks, Calif. [u.a.] : Sage Publications, 1974  |g 37(2010), 11, Seite 1301-1303  |h Online-Ressource  |w (DE-627)306656345  |w (DE-600)1500128-3  |w (DE-576)081985487  |x 1552-3594  |7 nnas 
773 1 8 |g volume:37  |g year:2010  |g number:11  |g pages:1301-1303 
787 0 8 |i Rezension von  |a Mears, Daniel P., 1966 -   |t American criminal justice policy  |b 1. publ.  |d Cambridge [u.a.] : Cambridge Univ. Press, 2010  |h XI, 321 S.  |w (DE-627)792789695  |w (DE-576)318996065  |z 9780521762465  |z 9780521746236  |z 052174623X  |z 0521762464 
856 4 0 |u https://doi.org/10.1177/0093854810381985  |x Resolving-System  |z lizenzpflichtig  |3 Volltext  |7 1 
951 |a AR 
ELC |a 1 
LOK |0 000 xxxxxcx a22 zn 4500 
LOK |0 001 4520809819 
LOK |0 003 DE-627 
LOK |0 004 1887909257 
LOK |0 005 20240514114144 
LOK |0 008 240506||||||||||||||||ger||||||| 
LOK |0 040   |a DE-21-110  |c DE-627  |d DE-21-110 
LOK |0 092   |o n 
LOK |0 852   |a DE-21-110 
LOK |0 852 1  |9 00 
LOK |0 935   |a krzo 
LOK |0 939   |a 06-05-24  |b l01 
ORI |a SA-MARC-krimdoka001.raw